000 00348 a2200157 4500
001 152373
040 _cEscola São Tomás de Aquino
100 _aMILLÔR, Fernandes
240 1 0 _aCirco de palavras
_lpor
245 1 0 _aCirco de palavras
300 _a120
362 0 _a2007
440 1 _aÁtica
697 _a*LITERATURA JUVENIL
942 _cBK
999 _c152373
_d152373